Voice of customer and methods in its identification

Dôležitosť analýzy požiadaviek zákaznika, resp. požiadaviek iných subjektov a prezentácia metód využiteľných pri týchto analýzach. Jednotlivé metódy služiace k analýze "hlasu zakaznika" sú vo všeobecnosti využíivané najmä vo vyrobných koncernoch zameraných na zlepšovanie a vývoj produktov.

Salvato in:
Dettagli Bibliografici
Autore principale: Pčolinská, Lenka
Natura: Capitolo di libro
Lingua:inglese
Soggetti:
Tags: Aggiungi Tag
Nessun Tag, puoi essere il primo ad aggiungerne!!

MARC

LEADER 00000naa a2200000 4500
001 0120651
005 20240502072348.8
041 0 |a eng 
044 |a SK 
245 1 0 |a Voice of customer and methods in its identification  |c Lenka Pčolinská 
520 |a Dôležitosť analýzy požiadaviek zákaznika, resp. požiadaviek iných subjektov a prezentácia metód využiteľných pri týchto analýzach. Jednotlivé metódy služiace k analýze "hlasu zakaznika" sú vo všeobecnosti využíivané najmä vo vyrobných koncernoch zameraných na zlepšovanie a vývoj produktov. 
610 2 0 |a stratégia marketingová 
610 2 0 |a zákazníci 
610 2 0 |a podnik výrobný 
610 2 0 |a analýza ekonomická 
610 2 0 |a správanie spotrebiteľa 
100 1 |a Pčolinská, Lenka